| 000 -LEADER |
| fixed length control field |
00848cam a2200241 a 4500 |
| 005 - DATE AND TIME OF LATEST TRANSACTION |
| control field |
20131011045050.0 |
| 008 - FIXED-LENGTH DATA ELEMENTS--GENERAL INFORMATION |
| fixed length control field |
850220s1984 enka b 000 0 eng d |
| 020 ## - INTERNATIONAL STANDARD BOOK NUMBER |
| International Standard Book Number |
0903608650 (Bedford) |
| 020 ## - INTERNATIONAL STANDARD BOOK NUMBER |
| International Standard Book Number |
3540134794 (Berlin) |
| 020 ## - INTERNATIONAL STANDARD BOOK NUMBER |
| International Standard Book Number |
0387134794 (U.S.) |
| 035 ## - SYSTEM CONTROL NUMBER |
| System control number |
(OCoLC)12132863 |
| 041 ## - LANGUAGE CODE |
| Language code of text/sound track or separate title |
eng |
| 100 ## - Rafti |
| Rafti |
Wilfred B. Heginbotham. |
| 245 00 - TITLE STATEMENT |
| Title |
Programmable assembly / |
| Statement of responsibility, etc |
edited by Wilfred B. Heginbotham. |
| 260 ## - |
| -- |
Bedford, England : |
| -- |
IFS (Publications) ; |
| -- |
Berlin ; |
| -- |
New York : |
| -- |
Springer-Verlag, |
| -- |
c1984. |
| 300 ## - |
| -- |
349 f. : |
| -- |
me il.; |
| -- |
24 cm. |
| 490 1# - |
| -- |
International trends in manufacturing technology |
| 504 ## - BIBLIOGRAPHY, ETC. NOTE |
| Bibliography, etc |
Referenca biografike 342 f.: |
| 650 #0 - |
| -- |
Makinat e montuara |
| -- |
Kontrolli automatik |
| 700 1# - |
| -- |
Heginbotham, Wilfred B. |
| 830 #0 - |
| -- |
International trends in manufacturing technology. |
| 942 ## - ADDED ENTRY ELEMENTS (KOHA) |
| Source of classification or shelving scheme |
|
| Item type |
Books |